|
|
|
|
| LEADER |
01066nam a2200229 i 4500 |
| 003 |
GR-PaULI |
| 005 |
20240718063321.0 |
| 008 |
180621s1974 gr ||||g |||| 00| 0 gre d |
| 040 |
|
|
|a GR-PaULI
|b gre
|c GR-PaULI
|e AACR2
|
| 041 |
1 |
|
|a gre
|h ger
|
| 082 |
0 |
4 |
|2 23
|a 832.912
|
| 100 |
1 |
|
|a Brecht, Bertolt,
|d 1898-1956
|e συγγραφέας
|9 5385
|
| 245 |
1 |
0 |
|a Μικρό όργανο για το θέατρο /
|c Μπερτολτ Μπρεχτ ; μετάφραση Δημήτρη Μυράτ.
|
| 260 |
|
|
|a Αθήνα :
|b Πλειάς,
|c 1974.
|
| 300 |
|
|
|a 133 σ. ;
|c 17 εκ.
|
| 490 |
0 |
|
|a Θεωρητικά κείμενα για το θέατρο / Πλειάς.
|
| 500 |
|
|
|a Τίτλος πρωτοτύπου : Kleines organon fur das theater.
|
| 700 |
1 |
4 |
|9 6804
|a Μυράτ, Δημήτρης,
|d 1908-1991
|e μεταφραστής
|
| 942 |
|
|
|2 ddc
|c BKN
|
| 952 |
|
|
|0 0
|1 0
|2 ddc
|4 0
|6 832_912000000000000_BRE
|7 0
|9 223492
|a THST
|b THST
|d 2018-06-21
|i 014750
|l 0
|o 832.912 BRE
|p 025000255186
|r 2018-06-21 00:00:00
|t 1
|v 2018.00
|w 2018-06-21
|y BKN
|
| 998 |
|
|
|c ΜΑΝΙΑ
|d 2018-06
|
| 999 |
|
|
|c 135055
|d 135055
|